000 00654nam a2200217Ia 4500
003 GCL
008 140319s9999 xx 000 0 ara d
040 _aGCL /
_cGCL
082 0 4 _a953
_bع ت
100 1 _aعلى ابراهيم حسن
245 1 0 _aالتاريخ الاسلامى العام /
_cعلى ابراهيم حسن
260 _a[S.N] :
_bمكتبة النهضة الاسلامية
300 _a613 ص
490 _a
650 0 4 _aالعصر الجاهلى
650 0 4 _aالعالم العربى
650 0 4 _aتاريخ
650 0 4 _aالتاريخ الاسلامى
650 0 4 _aالدولة العباسية
942 _2ddc
_cBK
999 _c30823
_d30823